Normal view
MARC view
Entry Personal Name
001 - CONTROL NUMBER
- control field: 7901
003 - CONTROL NUMBER IDENTIFIER
- control field: HDC
005 - DATE AND TIME OF LATEST TRANSACTION
- control field: 20230624073252.0
008 - FIXED-LENGTH DATA ELEMENTS
- fixed length control field: 210128|| aca||aabn | a|a d
040 ## - CATALOGING SOURCE
- Original cataloging agency: HDC
- Transcribing agency: HDC
100 ## - HEADING--PERSONAL NAME
- Personal name: Pusztai, A
670 ## - SOURCE DATA FOUND
- Source citation: Work cat.: (HDC): Pusztai, A. author, Food Safety: Contaminants and Toxins. Chapter 16 :, 2003
